| 000 | 00907nam a22002175i 4500 | ||
|---|---|---|---|
| 001 | 53840 | ||
| 003 | ES-MaACL | ||
| 005 | 20250825062718.0 | ||
| 007 | t| | ||
| 008 | 960705s1895 sp ||||1| spa d | ||
| 100 | 1 |
_aFernández de Navarrete, Francisco. _949697 |
|
| 245 | 1 | 0 |
_aBreves rectificaciones a la biografía del Excmo. Sr. D. Martín Fernández de Navarrete : _bque publicó en el Almanaque de la Ilustración para el año 1895 el Sr. D. Luis Vidart / _cpor Francisco Fernández Navarrete. |
| 260 |
_aZaragoza : _b[s.n.], _c1895 ( _fTip. de Comas Hermanos) |
||
| 300 |
_a16 p. ; _c21 cm. |
||
| 600 | 1 | 4 |
_aFernández de Navarrete, Martín, _d1765-1844 _949698 |
| 655 | 0 |
_aBiografías _9176647 |
|
| 700 | 1 |
_aVidart, Luis, _d1833-1897 _9114538 |
|
| 852 | 4 |
_aES-MaACL _jT-814-F-1 _z- Enc. en un vol. facticio, conservando cub. original |
|
| 942 | _2udc | ||
| 999 |
_c53840 _d53840 |
||